<?xml version="1.0" encoding="UTF-8"?>
<record
    xmlns:xsi="http://www.w3.org/2001/XMLSchema-instance"
    xsi:schemaLocation="http://www.loc.gov/MARC21/slim http://www.loc.gov/standards/marcxml/schema/MARC21slim.xsd"
    xmlns="http://www.loc.gov/MARC21/slim">

  <leader>00490nam a22001697a 4500</leader>
  <controlfield tag="005">20241210172132.0</controlfield>
  <controlfield tag="008">241210b        |||||||| |||| 00| 0 eng d</controlfield>
  <datafield tag="020" ind1=" " ind2=" ">
    <subfield code="a">9964-90-424-X</subfield>
  </datafield>
  <datafield tag="050" ind1=" " ind2=" ">
    <subfield code="a">HQ1816</subfield>
    <subfield code="b">ARD</subfield>
  </datafield>
  <datafield tag="100" ind1=" " ind2=" ">
    <subfield code="a">Ardayfio-Schandorf, Elizabeth;</subfield>
  </datafield>
  <datafield tag="245" ind1=" " ind2=" ">
    <subfield code="a">Women In Ghana;</subfield>
    <subfield code="b">An Annotated Bibliography</subfield>
  </datafield>
  <datafield tag="260" ind1=" " ind2=" ">
    <subfield code="a">Accra New Town;</subfield>
    <subfield code="b">Woeli Publishing Services;</subfield>
    <subfield code="c">c1990</subfield>
  </datafield>
  <datafield tag="300" ind1=" " ind2=" ">
    <subfield code="a">418p;</subfield>
  </datafield>
  <datafield tag="500" ind1=" " ind2=" ">
    <subfield code="a">INCLUDES SUBJECT INDEX </subfield>
  </datafield>
  <datafield tag="700" ind1=" " ind2=" ">
    <subfield code="a">Kwafo-Akoto, Kate;</subfield>
  </datafield>
  <datafield tag="942" ind1=" " ind2=" ">
    <subfield code="2">lcc</subfield>
    <subfield code="c">BK</subfield>
    <subfield code="n">0</subfield>
  </datafield>
  <datafield tag="999" ind1=" " ind2=" ">
    <subfield code="c">2045</subfield>
    <subfield code="d">2045</subfield>
  </datafield>
  <datafield tag="952" ind1=" " ind2=" ">
    <subfield code="0">0</subfield>
    <subfield code="1">0</subfield>
    <subfield code="2">lcc</subfield>
    <subfield code="4">0</subfield>
    <subfield code="7">0</subfield>
    <subfield code="8">NFIC</subfield>
    <subfield code="a">CUL1</subfield>
    <subfield code="b">CUL1</subfield>
    <subfield code="c">GEN</subfield>
    <subfield code="d">2024-12-10</subfield>
    <subfield code="l">0</subfield>
    <subfield code="o">HQ1816 ARD</subfield>
    <subfield code="p">ulct00000579</subfield>
    <subfield code="r">2024-12-10 17:23:02</subfield>
    <subfield code="t">1</subfield>
    <subfield code="w">2024-12-10</subfield>
    <subfield code="y">BK</subfield>
  </datafield>
  <datafield tag="952" ind1=" " ind2=" ">
    <subfield code="0">0</subfield>
    <subfield code="1">0</subfield>
    <subfield code="2">lcc</subfield>
    <subfield code="4">0</subfield>
    <subfield code="7">0</subfield>
    <subfield code="8">NFIC</subfield>
    <subfield code="a">CUL1</subfield>
    <subfield code="b">CUL1</subfield>
    <subfield code="c">GEN</subfield>
    <subfield code="d">2024-12-10</subfield>
    <subfield code="l">0</subfield>
    <subfield code="o">HQ1816 ARD</subfield>
    <subfield code="p">ulct00000580</subfield>
    <subfield code="r">2024-12-10 17:23:02</subfield>
    <subfield code="t">2</subfield>
    <subfield code="w">2024-12-10</subfield>
    <subfield code="y">BK</subfield>
  </datafield>
</record>
